| 000 | 00413nam a2200157Ia 4500 | ||
|---|---|---|---|
| 008 | 210210b2006 xxu||||| |||| 00| 0 eng d | ||
| 020 | _a81 8329 102 3 | ||
| 082 | _a001.64404 DASC | ||
| 100 | _aDASS (S K). | ||
| 245 | _aComputer networks. | ||
| 260 |
_aNew Delhi _bShree Publishers and Distributors _c2006 |
||
| 300 | _av,235 | ||
| 650 | _aComputer Networks | ||
| 690 | _aComputer Science | ||
| 906 | _a061423 | ||
| 999 |
_c108462 _d108462 |
||